Los riesgos de la hora actual (Registro nro. 17970)

Detalles MARC
000 -LEADER
fixed length control field 00317 a2200109 4500
001 - CONTROL NUMBER
control field ART_11046
005 - DATE AND TIME OF LATEST TRANSACTION
control field 20260410161732.0
008 - FIXED-LENGTH DATA ELEMENTS--GENERAL INFORMATION
fixed length control field 260409a
100 1# - MAIN ENTRY--PERSONAL NAME
Personal name Floria, Carlos A.
245 10 - TITLE STATEMENT
Title Los riesgos de la hora actual
773 0# - HOST ITEM ENTRY
Title Ejecutivos de finanzas
Related parts - Año 5, Nº 36 (abr. 1987)
Record control number REV2863

No hay ítems disponibles.